| 000 | 00369nam a2200157Ia 4500 | ||
|---|---|---|---|
| 008 | 230524s9999 xx 000 0 und d | ||
| 082 |
_a621.3821 _bSAH |
||
| 100 | _aS.K.Sahdev | ||
| 245 | 0 | _aElectronic Principles | |
| 250 | _a2ND | ||
| 260 |
_aNEW DELHI _bDhanpat Rai _c2005 |
||
| 300 | _a584 | ||
| 500 | _aQuantity Number: 4 | ||
| 650 | _aElectronics | ||
| 942 | _cBK | ||
| 999 |
_c9945 _d9945 |
||